| 000 | 01118nac a22002771u 4500 | ||
|---|---|---|---|
| 010 | _a 00701570 | ||
| 020 | _a007135655X | ||
| 082 | 0 | 0 |
_a658.5620218 _bJOH. |
| 090 |
_c5274 _d5274 |
||
| 100 | _aJohnson, Perry L. | ||
| 245 | 1 | 0 |
_aISO 9000 : _bthe year 2000 and beyond / _cPerry L. Johnson. |
| 250 | _a3rd ed. | ||
| 260 |
_aNew York : _bMcGraw-Hill,c2000. _cc2000. |
||
| 300 |
_axviii, 282 p. : _bill. ; _c24 cm. |
||
| 500 | _aDistributer :Al Ahram. | ||
| 504 | _aIncludes bibliographical references (p. 263-265) and index. | ||
| 511 | _aCatalogued By :Mahitab. | ||
| 650 | 0 |
_aQuality control _xStandards. |
|
| 650 | 0 |
_aQuality assurance _xStandards. |
|
| 650 | 0 |
_aManufactures _xQuality control _xStandards. |
|
| 650 | 0 | _aISO 9000 Series Standards. | |
| 856 | 4 | 2 |
_3Contributor biographical information _uhttp://www.loc.gov/catdir/bios/mh041/00701570.html |
| 856 | 4 | 2 |
_3Publisher description _uhttp://www.loc.gov/catdir/description/mh021/00701570.html |
| 856 | 4 | 2 |
_3Table of contents _uhttp://www.loc.gov/catdir/toc/mh021/00701570.html |
| 942 |
_cBB _k658.5620218JOH. |
||
| 999 |
_c5274 _d5274 |
||